Κατάλογος Βιβλιοθηκών Mediterranean College

Πρακτικά Φορολογικά Βοηθήματα 1990 Α (Record no. 5341)

MARC details
000 -LEADER
fixed length control field 01503cam a22001814a 4500
005 - ΗΜΕΡΟΜΗΝΙΑ ΚΑΙ ΩΡΑ ΤΕΛΕΥΤΑΙΑΣ ΕΝΗΜΕΡΩΣΗΣ
Πεδίο ελέγχου 20250605164210.0
008 - FIXED-LENGTH DATA ELEMENTS--GENERAL INFORMATION
Πεδίο ελέγχου σταθερού μήκους 250528s ||||||||||||||||||||||||d
035 ## - SYSTEM CONTROL NUMBER
System control number 20206
040 ## - ΠΗΓΗ ΚΑΤΑΛΟΓΟΓΡΑΦΗΣΗΣ
Φορέας πρωτότυπης καταλογογράφησης MC Athens Campus Library
Γλώσσα καταλογογράφησης Ελληνικά, Μοντέρνα (1453-)
Modifying agency MC Athens Campus Library
Κανόνες περιγραφικής καταλογογράφησης AACR2
245 1# - ΤΙΤΛΟΣ ΚΑΙ ΔΗΛΩΣΗ ΥΠΕΥΘΥΝΟΤΗΤΑΣ
Τίτλος Πρακτικά Φορολογικά Βοηθήματα 1990 Α
260 ## - PUBLICATION, DISTRIBUTION, ETC.
Name of publisher, distributor, etc. Αθήνα,
Date of publication, distribution, etc. 1990
300 ## - PHYSICAL DESCRIPTION
Extent 560
520 ## - SUMMARY, ETC.
Summary, etc. Γενικές Διατάξεις, Επιβολή Φόρου, Δήλωση και Αρμοδιότητα, Κατηγορίες Εισοδήματος, Εισόδημα από Ακίνητα, Εισόδημα Εξ Εκμισθώσεως Γαιών, Εισόδημα εξ Κινητών Αξιών, Εισόδημα Εξ Εμπορικών Επιχειρήσεων, Εισόδημα Εκ Γεωργικών Επιχειρήσεων, Εισόδημα Εκ Μισθωτών Υπηρεσιών, Εισόδημα Εξ Υπηρεσιών Ελευθεριών Επαγγελμάτων και Εκ Πάσης Άλλης Πηγής, Βεβαίωση Φόρου, Διαδικασία Βεβαιώσεως Φόρου, Πρόσθετοι Φόροι και Παραγραφή και Απόρρητο, Υποχρεώσεις Ποινικαί και Τελικαί και Μεταβατικαί Διατάξεις, Υποχρεώσεις, Ποινικαί Διατάξεις, Τελικαί και Μεταβατικαί Διατάξεις.
700 1# - ΠΡΟΣΘΕΤΗ ΑΝΑΓΡΑΦΗ--ΦΥΣΙΚΟ ΠΡΟΣΩΠΟ
Personal name Κράτσης Αγαπητός Σ
9 (RLIN) 6238
942 ## - ADDED ENTRY ELEMENTS (KOHA)
Koha item type Books
Holdings
Τύπος τεκμηρίου Βιβλιοθήκη Τρέχουσα τοποθεσία Barcode Αριθμός εισαγωγής Ημερομηνία απόκτησης Ταξιθετικό σύμβολο Αριθμός αντιτύπου Κατάσταση απόσυρσης Κατάσταση χαμένου Κατάσταση κατεστραμμένου Μη δανεισμός Σύνολο δανεισμών Ημερομηνία τελευταίας εμφάνισης Η τιμή ισχύει από
Books MC Athens Campus Library MC Athens Campus Library 9780000053404 6460 05/06/2025 343.04 KRA 1           05/06/2025 05/06/2025

MC Athens Campus Library
Πατησίων 94 & Κοδριγκτώνος 13, 104 34
Πελλήνης 8 & Πατησίων 107, 112 51
Τ: +30 210 8899600

MC Thessaloniki Campus Library
Ίωνος Δραγούμη 21, 54625 | Ίωνος Δραγούμη 15, 54625
Τ: +30 2310 287779 – Τ: +30 2314 440300